000 00200nam a22000977a 4500
008 210707s2003 xx 000 0 und d
041 _aeng
082 _a052 DEEK
245 _aDeeksha
260 _c2003
999 _c179726
_d179726